000 00476nam a2200193Ia 4500
005 20250923144834.0
008 008 250917s9999 xx 000 0 eng d
037 _aTextual
040 _aDSWL
_beng
_cDSWL
041 _aeng
_2eng
084 _qDSWL
245 0 _aHigher education in the United Kingdom
260 _aLondon
_bTheBritish Council, 65
_c1962
300 _a244p.
365 _aINR
_b7.6
925 _g7.6
942 _cTEXL
999 _c1443994
_d1443994